[Event "Isle of Wight International"]
[Site "Ryde"]
[Date "2025.02.20"]
[Round "4.8"]
[White "Plat, Vojtech"]
[Black "Dorrance, Adam"]
[Result "1/2-1/2"]
[WhiteElo "2459"]
[BlackElo "2284"]
[PlyCount "88"]
[EventDate "2025.02.18"]
[EventType "swiss"]
[EventRounds "9"]
[EventCountry "ENG"]
[SourceTitle "BritBase"]
[Source "John Saunders"]
[SourceDate "2025.02.21"]
[SourceVersion "1"]
[SourceVersionDate "2025.02.21"]
[SourceQuality "1"]

1. e4 c6 2. Nf3 d5 3. d3 dxe4 4. dxe4 Qxd1+ 5. Kxd1 Nf6 6. Nbd2 g6 7. Ne5 Nbd7 8. Nd3 Ng4 9. h3 Nge5 10. c3 Bh6 11. Nxe5 Nxe5 12. Kc2 Be6 13. g3 Bxd2 14. Bxd2 f6 15. b3 a5 16. a4 h5 17. Be3 Nd7 18. f4 f5 19. e5 Bd5 20. Rg1 b6 21. Rd1 Nc5 22. Bxc5 bxc5 23. Bg2 O-O-O 24. Bxd5 Rxd5 25. b4 cxb4 26. Rxd5 cxd5 27. cxb4 axb4 28. Kb3 Kc7 29. Kxb4 e6 30. Rc1+ Kb7 31. a5 Rh7 32. a6+ Kb6 33. Rc8 Rc7 34. Rd8 Rc4+ 35. Kb3 Kxa6 36. Rd6+ Kb5 37. Rxe6 Re4 38. Rxg6 h4 39. Kc2 hxg3 40. Rxg3 Rxf4 41. Re3 Kc6 42. Ra3 Rf2+ 43. Kd1 Kd7 44. Ra6 Rh2 1/2-1/2

[Event "Isle of Wight International"]
[Site "Ryde"]
[Date "2025.02.20"]
[Round "4.9"]
[White "Willow, Jonah B"]
[Black "Bezuidenhout, Roland"]
[Result "0-1"]
[WhiteElo "2459"]
[BlackElo "2283"]
[PlyCount "112"]
[EventDate "2025.02.18"]
[EventType "swiss"]
[EventRounds "9"]
[EventCountry "ENG"]
[SourceTitle "BritBase"]
[Source "John Saunders"]
[SourceDate "2025.02.21"]
[SourceVersion "1"]
[SourceVersionDate "2025.02.21"]
[SourceQuality "1"]

1. e4 d6 2. d4 Nf6 3. Nc3 e5 4. Nf3 Nbd7 5. Rg1 c6 6. g4 h6 7. Be3 Be7 8. a3 Qa5 9. Nd2 Nf8 10. Nb3 Qc7 11. h3 Ng6 12. Qe2 Bd7 13. O-O-O b5 14. d5 Rb8 15. dxc6 Bxc6 16. Nd5 Nxd5 17. exd5 Bd7 18. Qd2 Bd8 19. Kb1 a5 20. f4 a4 21. Nc1 exf4 22. Bxf4 Nxf4 23. Qxf4 O-O 24. Bd3 Bg5 25. Qe4 f5 26. Qb4 fxg4 27. Rdf1 Rxf1 28. Rxf1 Re8 29. hxg4 Qc5 30. Qxc5 dxc5 31. Bg6 Rf8 32. Bh7+ Kxh7 33. Rxf8 Bxg4 34. Nd3 h5 35. Ne5 Bf6 36. Nxg4 hxg4 37. d6 g3 38. Re8 Kg6 39. d7 Kg5 40. Re1 Kg4 41. Kc1 g2 42. Kd2 Kf3 43. b3 Kf2 44. Re2+ Kg3 45. Re1 Kh2 46. c4 axb3 47. cxb5 Bd8 48. Kc3 c4 49. Kxc4 b2 50. Kc3 g1=Q 51. Rxg1 Kxg1 52. Kxb2 g5 53. Kb3 g4 54. Kb4 g3 55. a4 g2 56. b6 Kh1 0-1

[Event "Isle of Wight International"]
[Site "Ryde"]
[Date "2025.02.20"]
[Round "4.10"]
[White "Larkin, Vladyslav"]
[Black "Fava, Lorenzo"]
[Result "0-1"]
[WhiteElo "2441"]
[BlackElo "2269"]
[PlyCount "80"]
[EventDate "2025.02.18"]
[EventType "swiss"]
[EventRounds "9"]
[EventCountry "ENG"]
[SourceTitle "BritBase"]
[Source "John Saunders"]
[SourceDate "2025.02.21"]
[SourceVersion "1"]
[SourceVersionDate "2025.02.21"]
[SourceQuality "1"]

1. e4 e5 2. Nf3 Nc6 3. Bb5 a6 4. Ba4 Nf6 5. O-O b5 6. Bb3 Bc5 7. c3 d6 8. d4 Bb6 9. h3 O-O 10. Be3 Re8 11. Nbd2 exd4 12. cxd4 Na5 13. Bc2 Bb7 14. Qb1 h6 15. b3 c5 16. d5 Bc8 17. Re1 Bd7 18. Bf4 Nb7 19. Qb2 Rc8 20. Rab1 b4 21. Nc4 Bc7 22. Rbd1 Bb5 23. e5 dxe5 24. Nfxe5 Nh5 25. Bh2 Qf6 26. Re4 Bxc4 27. bxc4 Nd6 28. Rg4 Nb5 29. f4 Nd4 30. Ba4 Nxf4 31. Bxf4 Bxe5 32. Kh1 Bxf4 33. Bxe8 Rxe8 34. Rf1 Bd6 35. Qb1 Qe5 36. g3 f5 37. Rg6 Kh7 38. Rg4 g6 39. Rgf4 Ne2 40. Rg4 Nxg3+ 0-1

[Event "Isle of Wight International"]
[Site "Ryde"]
[Date "2025.02.20"]
[Round "4.11"]
[White "Badacsonyi, Stanley"]
[Black "Vestby-Ellingsen, Mads"]
[Result "1-0"]
[WhiteElo "2307"]
[BlackElo "2406"]
[PlyCount "143"]
[EventDate "2025.02.18"]
[EventType "swiss"]
[EventRounds "9"]
[EventCountry "ENG"]
[SourceTitle "BritBase"]
[Source "John Saunders"]
[SourceDate "2025.02.21"]
[SourceVersion "1"]
[SourceVersionDate "2025.02.21"]
[SourceQuality "1"]

1. d4 Nf6 2. c4 e6 3. Nc3 d5 4. cxd5 exd5 5. Bg5 c6 6. e3 h6 7. Bh4 Be6 8. Bd3 Nbd7 9. h3 Bd6 10. f4 g5 11. fxg5 Nh7 12. Nf3 hxg5 13. Bf2 f5 14. Qc2 Qf6 15. O-O-O O-O-O 16. Rdf1 Rdf8 17. Be1 Kb8 18. g4 Qe7 19. gxf5 Bf7 20. e4 dxe4 21. Nxe4 Bf4+ 22. Kb1 Bd5 23. Nc3 Bxf3 24. Rxf3 Nhf6 25. Rg1 Nb6 26. h4 Nfd5 27. hxg5 Nxc3+ 28. Bxc3 Bxg5 29. d5 Rh6 30. Re1 Qf7 31. dxc6 Rxc6 32. Qb3 Qh5 33. Rff1 Bf6 34. Bxf6 Rcxf6 35. Re7 R6f7 36. Rxf7 Qxf7 37. Qxf7 Rxf7 38. Re1 Kc7 39. Kc2 Nc8 40. Kc3 Nd6 41. Rf1 Kd7 42. Kd4 Rf6 43. Rg1 Ke7 44. Rf1 Rf8 45. Re1+ Kd7 46. Re5 Rf6 47. Rd5 Ke7 48. Rc5 Rh6 49. Rc7+ Kf6 50. Rd7 Rh4+ 51. Kd5 Nxf5 52. Bxf5 Kxf5 53. Rf7+ Kg6 54. Rxb7 Rh2 55. Kc4 a5 56. Kb3 Kf6 57. Rb5 Ke6 58. Rxa5 Kd6 59. Rg5 Rh3+ 60. Ka4 Rh2 61. Ka3 Kc6 62. b4 Kb6 63. Kb3 Rh3+ 64. Ka4 Rh6 65. Rg3 Rf6 66. Kb3 Rh6 67. a4 Rf6 68. a5+ Kb5 69. Rg5+ Ka6 70. Ka4 Kb7 71. Rg7+ Ka6 72. b5# 1-0

[Event "Isle of Wight International"]
[Site "Ryde"]
[Date "2025.02.20"]
[Round "4.12"]
[White "Camacho Collados, Jose"]
[Black "Spence, David J"]
[Result "0-1"]
[WhiteElo "2345"]
[BlackElo "2181"]
[PlyCount "137"]
[EventDate "2025.02.18"]
[EventType "swiss"]
[EventRounds "9"]
[EventCountry "ENG"]
[SourceTitle "BritBase"]
[Source "John Saunders"]
[SourceDate "2025.02.21"]
[SourceVersion "1"]
[SourceVersionDate "2025.02.21"]
[SourceQuality "1"]

1. Nf3 Nf6 2. c4 e6 3. g3 a6 4. Bg2 b5 5. b3 c5 6. Nc3 Qb6 7. O-O Bb7 8. d3 Be7 9. e4 O-O 10. Re1 Nc6 11. Nd5 Nxd5 12. exd5 Nd4 13. Nxd4 cxd4 14. Bd2 Rfe8 15. b4 exd5 16. c5 Qg6 17. Qb3 Bg5 18. Bxg5 Qxg5 19. Qb2 Qf6 20. Bh3 Bc6 21. Re2 Re5 22. Rae1 Rae8 23. Rxe5 Rxe5 24. Rxe5 Qxe5 25. Qa3 Qe1+ 26. Bf1 g6 27. Qa5 Kg7 28. a3 Qd1 29. Qxa6 Qa4 30. Qxa4 bxa4 31. h4 Kf6 32. Kg2 Ke5 33. f4+ Ke6 34. g4 f5 35. Kg3 d6 36. cxd6 Kxd6 37. h5 Ke6 38. Kh4 Kf6 39. h6 Bb5 40. Kg3 Bd7 41. Bg2 Bc6 42. Kh4 fxg4 43. Kxg4 Bd7+ 44. Kg3 Bc6 45. Kg4 Bd7+ 46. Kf3 Bb5 47. Ke2 Bc6 48. Bh3 g5 49. fxg5+ Kxg5 50. Bc8 Bb5 51. Be6 Kxh6 52. Bxd5 Kg5 53. Be4 h5 54. Kf3 h4 55. Kg2 Kf4 56. Kh3 Ke3 57. Kxh4 Kd2 58. Kg5 Kc3 59. Kf4 Kb2 60. Ke5 Kxa3 61. Kxd4 Kxb4 62. Bd5 a3 63. Ba2 Ba4 64. Ke3 Kc3 65. d4 Kb2 66. Kd2 Bb3 67. d5 Bxa2 68. d6 Be6 69. Kd3 0-1

[Event "Isle of Wight International"]
[Site "Ryde"]
[Date "2025.02.20"]
[Round "4.13"]
[White "Kreken, Eivind Grunt"]
[Black "Houska, Jovanka"]
[Result "1-0"]
[WhiteElo "2285"]
[BlackElo "2344"]
[PlyCount "73"]
[EventDate "2025.02.18"]
[EventType "swiss"]
[EventRounds "9"]
[EventCountry "ENG"]
[SourceTitle "BritBase"]
[Source "John Saunders"]
[SourceDate "2025.02.21"]
[SourceVersion "1"]
[SourceVersionDate "2025.02.21"]
[SourceQuality "1"]

1. e4 c6 2. c4 d5 3. cxd5 cxd5 4. exd5 Nf6 5. Qa4+ Nbd7 6. Nc3 g6 7. Nf3 Bg7 8. Bc4 O-O 9. d3 a6 10. Qa3 b6 11. O-O Bb7 12. Re1 Re8 13. Bd2 b5 14. Bb3 Nb6 15. d6 Bxf3 16. gxf3 exd6 17. Rxe8+ Nxe8 18. Re1 Qh4 19. Nxb5 Bh6 20. Bxh6 Qxh6 21. Nxd6 Qg5+ 22. Kf1 Nd5 23. Bxd5 Qxd5 24. Nxe8 Qxf3 25. Qa4 Qxd3+ 26. Kg1 Qd2 27. Qe4 Qg5+ 28. Kh1 Rd8 29. Qe5 Qxe5 30. Rxe5 Rd2 31. Kg2 Rxb2 32. Ra5 Re2 33. Nc7 h5 34. Rxa6 Kg7 35. a4 g5 36. h3 f5 37. Ne6+ 1-0

[Event "Isle of Wight International"]
[Site "Ryde"]
[Date "2025.02.20"]
[Round "4.14"]
[White "Chatalbashev, Boris"]
[Black "Zheng, Harry Z"]
[Result "1-0"]
[WhiteElo "2489"]
[BlackElo "2198"]
[PlyCount "45"]
[EventDate "2025.02.18"]
[EventType "swiss"]
[EventRounds "9"]
[EventCountry "ENG"]
[SourceTitle "BritBase"]
[Source "John Saunders"]
[SourceDate "2025.02.21"]
[SourceVersion "1"]
[SourceVersionDate "2025.02.21"]
[SourceQuality "1"]

1. Nf3 Nf6 2. c4 b6 3. g3 Bb7 4. Bg2 e6 5. O-O Be7 6. Nc3 O-O 7. d4 d5 8. cxd5 Nxd5 9. Re1 c5 10. e4 cxd4 11. Nxd5 exd5 12. Nxd4 dxe4 13. Nf5 Nd7 14. Qg4 Bf6 15. Rd1 Kh8 16. Bf4 b5 17. Nd6 Bc6 18. Rac1 Qb6 19. Rxc6 Qxc6 20. Bxe4 Qc5 21. b4 Qxb4 22. Qxd7 Rad8 23. Qf5 1-0

[Event "Isle of Wight International"]
[Site "Ryde"]
[Date "2025.02.20"]
[Round "4.16"]
[White "Sooraj, M R"]
[Black "Roberson, Peter T"]
[Result "1/2-1/2"]
[WhiteElo "2152"]
[BlackElo "2444"]
[PlyCount "137"]
[EventDate "2025.02.18"]
[EventType "swiss"]
[EventRounds "9"]
[EventCountry "ENG"]
[SourceTitle "BritBase"]
[Source "John Saunders"]
[SourceDate "2025.02.21"]
[SourceVersion "1"]
[SourceVersionDate "2025.02.21"]
[SourceQuality "1"]

1. e4 e6 2. d4 d5 3. Nd2 c5 4. Ngf3 cxd4 5. Nxd4 Nf6 6. e5 Nfd7 7. N2f3 Nc6 8. Bf4 h6 9. h4 a6 10. Bd3 Nc5 11. h5 Bd7 12. O-O Be7 13. Nb3 Nxd3 14. cxd3 O-O 15. Qd2 f5 16. exf6 Bxf6 17. d4 b6 18. Rfe1 Qe7 19. Bc7 b5 20. Rac1 Rac8 21. Be5 Nxe5 22. Nxe5 Bg5 23. Rxc8 Rxc8 24. Ng6 Qd6 25. f4 Bf6 26. Ne5 Be8 27. g4 Qe7 28. Nc5 b4 29. Ncd3 a5 30. Rc1 Qd8 31. Kg2 Bb5 32. Nc5 Bxe5 33. dxe5 Qh4 34. Qd1 d4 35. Ne4 Bc6 36. Rxc6 Rxc6 37. Ng3 Qd8 38. Qd3 Qd5+ 39. Kh3 Rc8 40. Qg6 Qd7 41. Ne4 Qf7 42. Nf6+ Kf8 43. Nh7+ Ke8 44. Qe4 Rd8 45. Qc6+ Qd7 46. Qc5 Kf7 47. g5 Kg8 48. Nf6+ gxf6 49. exf6 Qd5 50. Qc7 Qd7 51. Qc5 e5+ 52. Kh4 Qf5 53. Qe7 Qxf4+ 54. Kh3 Qf3+ 55. Kh4 Qf4+ 56. Kh3 Qf3+ 57. Kh4 hxg5+ 58. Kxg5 Qf4+ 59. Kg6 Qg4+ 60. Kh6 Qf4+ 61. Kg6 Qe4+ 62. Kh6 Qe3+ 63. Kg6 Qd3+ 64. Kh6 Qd2+ 65. Kg6 Qd3+ 66. Kh6 Qe3+ 67. Kg6 Qg3+ 68. Kh6 Qf4+ 69. Kg6 1/2-1/2

[Event "Isle of Wight International"]
[Site "Ryde"]
[Date "2025.02.20"]
[Round "4.17"]
[White "Liu, Jack"]
[Black "Turner, Matthew J"]
[Result "1/2-1/2"]
[WhiteElo "2141"]
[BlackElo "2438"]
[PlyCount "132"]
[EventDate "2025.02.18"]
[EventType "swiss"]
[EventRounds "9"]
[EventCountry "ENG"]
[SourceTitle "BritBase"]
[Source "John Saunders"]
[SourceDate "2025.02.21"]
[SourceVersion "1"]
[SourceVersionDate "2025.02.21"]
[SourceQuality "1"]

1. e4 c5 2. Nf3 Nc6 3. d4 cxd4 4. Nxd4 g6 5. Nc3 Bg7 6. Be3 Nf6 7. Bc4 O-O 8. Bb3 a5 9. O-O a4 10. Nxa4 Nxe4 11. Nb5 d6 12. Bb6 Qd7 13. Qe2 Qf5 14. c4 Nc5 15. Nac3 Be6 16. Rad1 Ra6 17. Bxc5 Qxc5 18. Nd5 Bxd5 19. cxd5 Na5 20. Rc1 Qb4 21. Nc7 Nxb3 22. axb3 Rb6 23. Qxe7 Qxb3 24. Rfe1 Qxb2 25. Ne8 Rb4 26. Qxd6 Re4 27. Nxg7 Kxg7 28. Qc5 Rxe1+ 29. Rxe1 Qd2 30. Rc1 Rd8 31. g3 Rxd5 32. Qa3 b5 33. Qa1+ Qd4 34. Qxd4+ Rxd4 35. Rc6 Rd1+ 36. Kg2 b4 37. Rb6 Rb1 38. h4 b3 39. Kf3 Kf8 40. Rb7 h6 41. Kg4 Ke8 42. Kf4 b2 43. Kf3 Kd8 44. Kg2 Kc8 45. Rb3 Kc7 46. Kf3 Kc6 47. Rb8 Kc5 48. Kg2 Kc4 49. Rc8+ Kd3 50. Rd8+ Ke4 51. Re8+ Kf5 52. Rb8 f6 53. Rb5+ Ke4 54. Rb8 f5 55. Re8+ Kd5 56. Rd8+ Ke6 57. Re8+ Kf7 58. Rb8 f4 59. gxf4 Ke6 60. h5 gxh5 61. Rb5 h4 62. Kh2 h3 63. Rb8 Kf5 64. Rb5+ Kxf4 65. Rb4+ Kf3 66. Rb3+ Kxf2 1/2-1/2

[Event "Isle of Wight International"]
[Site "Ryde"]
[Date "2025.02.20"]
[Round "4.18"]
[White "Greet, Andrew N"]
[Black "Brewer, Callum D"]
[Result "1/2-1/2"]
[WhiteElo "2398"]
[BlackElo "2122"]
[PlyCount "97"]
[EventDate "2025.02.18"]
[EventType "swiss"]
[EventRounds "9"]
[EventCountry "ENG"]
[SourceTitle "BritBase"]
[Source "John Saunders"]
[SourceDate "2025.02.21"]
[SourceVersion "1"]
[SourceVersionDate "2025.02.21"]
[SourceQuality "1"]

1. c4 e6 2. g3 d5 3. Bg2 Nf6 4. Nf3 dxc4 5. Qa4+ Nbd7 6. Qxc4 a6 7. Qc2 c5 8. Nc3 Qc7 9. O-O b5 10. a4 b4 11. Nd1 Bb7 12. b3 Ne5 13. Nxe5 Bxg2 14. Kxg2 Qxe5 15. Ne3 Be7 16. Bb2 Qh5 17. f3 O-O 18. g4 Qh4 19. Be5 Rfd8 20. Nc4 Qh6 21. e3 Ra7 22. h4 Qg6 23. Qxg6 hxg6 24. g5 Ne8 25. Kf2 Bd6 26. Bb2 Bc7 27. Ke2 Nd6 28. Nxd6 Bxd6 29. Rac1 Rad7 30. Rfd1 Be7 31. d3 f6 32. Rc4 Kf7 33. Rg4 e5 34. Bc1 f5 35. Rc4 Ke6 36. Bb2 Bf8 37. f4 exf4 38. exf4 Kf7 39. Be5 Rd5 40. d4 cxd4 41. Rdxd4 Bc5 42. Rxc5 Rxd4 43. Bxd4 Rxd4 44. Rc7+ Kf8 45. Ke3 Re4+ 46. Kf3 Rd4 47. Ke3 Re4+ 48. Kf3 Rd4 49. Ke3 1/2-1/2

[Event "Isle of Wight International"]
[Site "Ryde"]
[Date "2025.02.20"]
[Round "4.19"]
[White "Rida, Ruqayyah"]
[Black "Dickenson, Neil F"]
[Result "0-1"]
[WhiteElo "2101"]
[BlackElo "2283"]
[PlyCount "58"]
[EventDate "2025.02.18"]
[EventType "swiss"]
[EventRounds "9"]
[EventCountry "ENG"]
[SourceTitle "BritBase"]
[Source "John Saunders"]
[SourceDate "2025.02.21"]
[SourceVersion "1"]
[SourceVersionDate "2025.02.21"]
[SourceQuality "1"]

1. e4 e6 2. d4 d5 3. Nd2 c5 4. exd5 exd5 5. Bb5+ Nc6 6. Ne2 Nf6 7. O-O Bd6 8. dxc5 Bxc5 9. Nb3 Bb6 10. Ned4 O-O 11. Nxc6 bxc6 12. Bxc6 Ng4 13. Bxa8 Qh4 14. Bf4 Bxf2+ 15. Kh1 Nxh2 16. Bg5 Qxg5 17. Rxf2 Ng4 18. Qf3 Qh4+ 19. Kg1 Qh2+ 20. Kf1 Ba6+ 21. Ke1 Re8+ 22. Kd2 Nxf2 23. Qxf2 Qh6+ 24. Kc3 Re3+ 25. Qxe3 Qxe3+ 26. Kb4 Bc4 27. Rd1 a5+ 28. Ka3 Qe7+ 29. Ka4 Qb4# 0-1

[Event "Isle of Wight International"]
[Site "Ryde"]
[Date "2025.02.20"]
[Round "4.20"]
[White "Banerjee, Supratit"]
[Black "Elgar, Tim"]
[Result "1/2-1/2"]
[WhiteElo "2264"]
[BlackElo "2104"]
[PlyCount "183"]
[EventDate "2025.02.18"]
[EventType "swiss"]
[EventRounds "9"]
[EventCountry "ENG"]
[SourceTitle "BritBase"]
[Source "John Saunders"]
[SourceDate "2025.02.21"]
[SourceVersion "1"]
[SourceVersionDate "2025.02.21"]
[SourceQuality "1"]

1. e4 c6 2. d4 d5 3. Nd2 dxe4 4. Nxe4 Nf6 5. Nxf6+ exf6 6. Be3 Bd6 7. Bd3 Na6 8. a3 Nc7 9. Ne2 O-O 10. c4 Re8 11. Qc2 h5 12. O-O h4 13. h3 Ne6 14. Rad1 Bc7 15. d5 Ng5 16. d6 Qxd6 17. Bh7+ Nxh7 18. Rxd6 Bxd6 19. Rd1 Be5 20. f4 Bc7 21. Bf2 g6 22. Nd4 Bxf4 23. Bxh4 c5 24. Nf3 Bf5 25. Qa4 Re2 26. Qb5 Be4 27. Bf2 Bc6 28. Qxc5 Rxb2 29. Qd4 Bxf3 30. Qxb2 Be5 31. Rd4 Bc6 32. Qd2 Bxd4 33. Qxd4 a6 34. h4 Re8 35. c5 Re4 36. Qd8+ Re8 37. Qd1 Re5 38. g4 g5 39. h5 Rd5 40. Qe2 Re5 41. Qd3 Rd5 42. Bd4 Rd8 43. h6 Re8 44. Kf2 Re6 45. Bc3 Re8 46. Kg3 Re6 47. Qd2 Bb5 48. Bxf6 Nxf6 49. Qxg5+ Kf8 50. Qg7+ Ke7 51. h7 Nxh7 52. Qxh7 Bc6 53. Qd3 Rg6 54. a4 Re6 55. g5 Bxa4 56. Qa3 Bc6 57. Qa5 Rg6 58. Qc7+ Ke8 59. Kf4 Re6 60. Qb8+ Ke7 61. Qc7+ Ke8 62. Kg4 Rg6 63. Qe5+ Re6 64. Qh8+ Ke7 65. Qc3 Rg6 66. Kf5 Bd7+ 67. Kf4 Bc6 68. Qe5+ Re6 69. Qc7+ Ke8 70. Kf5 Be4+ 71. Kg4 Bc6 72. Kh5 Bf3+ 73. Kh4 Bc6 74. Kg3 Rg6 75. Qe5+ Re6 76. Qc3 Rg6 77. Kf4 Re6 78. Qd2 Re4+ 79. Kg3 Re6 80. Kf2 Rg6 81. Ke1 Re6+ 82. Kd1 Rg6 83. Kc2 Re6 84. Kb3 Kf8 85. Qd4 Kg8 86. Qh4 Re3+ 87. Kb2 Re2+ 88. Kc1 Re4 89. Qh6 Rc4+ 90. Kd2 Rxc5 91. g6 Rd5+ 92. Kc3 1/2-1/2

[Event "Isle of Wight International"]
[Site "Ryde"]
[Date "2025.02.20"]
[Round "4.21"]
[White "Zhang, Junyi"]
[Black "Collin, Moritz Valentin"]
[Result "0-1"]
[WhiteElo "2096"]
[BlackElo "2240"]
[PlyCount "52"]
[EventDate "2025.02.18"]
[EventType "swiss"]
[EventRounds "9"]
[EventCountry "ENG"]
[SourceTitle "BritBase"]
[Source "John Saunders"]
[SourceDate "2025.02.21"]
[SourceVersion "1"]
[SourceVersionDate "2025.02.21"]
[SourceQuality "1"]

1. e4 c5 2. Nf3 e6 3. g3 Nc6 4. Bg2 d5 5. exd5 exd5 6. O-O Bg4 7. d3 Bd6 8. h3 Bh5 9. Re1+ Nge7 10. Nbd2 O-O 11. b3 b5 12. Bb2 Qc7 13. a4 b4 14. Qc1 Rac8 15. Nf1 h6 16. Qd2 d4 17. Qc1 f5 18. N1d2 Rce8 19. Nc4 Bxg3 20. fxg3 Qxg3 21. Rf1 Ng6 22. Qd2 Nf4 23. Nce5 Nxe5 24. Nxe5 Nxh3+ 25. Kh1 Rxe5 26. Rae1 Rfe8 0-1

[Event "Isle of Wight International"]
[Site "Ryde"]
[Date "2025.02.20"]
[Round "4.22"]
[White "Kovalskyi, Roman"]
[Black "Kumar, Sanjit S"]
[Result "1-0"]
[WhiteElo "2240"]
[BlackElo "2074"]
[PlyCount "43"]
[EventDate "2025.02.18"]
[EventType "swiss"]
[EventRounds "9"]
[EventCountry "ENG"]
[SourceTitle "BritBase"]
[Source "John Saunders"]
[SourceDate "2025.02.21"]
[SourceVersion "1"]
[SourceVersionDate "2025.02.21"]
[SourceQuality "1"]

1. e4 e6 2. d4 d5 3. e5 c5 4. c3 Nc6 5. Nf3 Qb6 6. Bd3 cxd4 7. O-O Bd7 8. Re1 Nge7 9. h4 h6 10. h5 Nc8 11. Nbd2 dxc3 12. bxc3 Bc5 13. Qe2 Qc7 14. Nb3 Be7 15. Nfd4 a6 16. Qg4 Nxd4 17. cxd4 Nb6 18. Qxg7 O-O-O 19. Qxf7 Bh4 20. Ba3 Nc4 21. Rec1 Kb8 22. Bxc4 1-0

[Event "Isle of Wight International"]
[Site "Ryde"]
[Date "2025.02.20"]
[Round "4.23"]
[White "Malinovsky, Ilya"]
[Black "Steiners, Emils"]
[Result "0-1"]
[WhiteElo "2073"]
[BlackElo "2237"]
[PlyCount "104"]
[EventDate "2025.02.18"]
[EventType "swiss"]
[EventRounds "9"]
[EventCountry "ENG"]
[SourceTitle "BritBase"]
[Source "John Saunders"]
[SourceDate "2025.02.21"]
[SourceVersion "1"]
[SourceVersionDate "2025.02.21"]
[SourceQuality "1"]

1. e4 c5 2. Nf3 Nc6 3. Bb5 g6 4. Bxc6 dxc6 5. d3 Bg7 6. h3 e5 7. O-O Ne7 8. a3 a5 9. b3 h6 10. Bb2 Qc7 11. Nbd2 g5 12. Nc4 Ng6 13. Ne3 O-O 14. Nf5 f6 15. Nd2 Be6 16. a4 Qd7 17. g4 Nf4 18. Qf3 Kf7 19. Nc4 Qc7 20. Bc1 Rad8 21. Bxf4 gxf4 22. Qe2 Rg8 23. f3 Bf8 24. Qe1 b6 25. Qh4 Bxf5 26. exf5 Rg5 27. Nd2 Rg8 28. Ne4 Bg7 29. Rf2 Ke7 30. Re1 Rdf8 31. Rg2 Kd7 32. Qf2 Kc8 33. h4 Qe7 34. c3 Kb7 35. d4 cxd4 36. cxd4 Rd8 37. dxe5 Qxe5 38. Ng5 Qc3 39. Re7+ Ka6 40. Ne6 Rd1+ 41. Kh2 Qc1 42. Qe2+ b5 43. axb5+ Kb6 44. Qf2+ c5 45. Kh3 Rf1 46. Qe2 Rxf3+ 47. Kh2 Rf1 48. Rf2 Rh1+ 49. Kg2 Bf8 50. Nxf4 Qg1+ 51. Kf3 Qxg4+ 52. Ke4 Bxe7 0-1

[Event "Isle of Wight International"]
[Site "Ryde"]
[Date "2025.02.20"]
[Round "4.24"]
[White "Bin-Suhayl, Ieysaa"]
[Black "Bharat Kumar, Balahari"]
[Result "1-0"]
[WhiteElo "2228"]
[BlackElo "2022"]
[PlyCount "201"]
[EventDate "2025.02.18"]
[EventType "swiss"]
[EventRounds "9"]
[EventCountry "ENG"]
[SourceTitle "BritBase"]
[Source "John Saunders"]
[SourceDate "2025.02.21"]
[SourceVersion "1"]
[SourceVersionDate "2025.02.21"]
[SourceQuality "1"]

1. d4 d5 2. c4 c6 3. Nf3 Nf6 4. e3 e6 5. Nbd2 Nbd7 6. Bd3 Bd6 7. O-O O-O 8. e4 dxe4 9. Nxe4 Nxe4 10. Bxe4 Nf6 11. Bc2 h6 12. b3 b5 13. Ne5 Qc7 14. cxb5 cxb5 15. Bb2 Rd8 16. Qe2 Bb7 17. Rac1 Qb6 18. Rfe1 Bd5 19. Qd3 a5 20. Re2 a4 21. Rf1 axb3 22. axb3 b4 23. f4 Ra2 24. Bb1 Ra7 25. f5 Qa6 26. fxe6 Qxd3 27. Bxd3 fxe6 28. Nc4 Bb8 29. Ra1 Rxa1+ 30. Bxa1 Ba7 31. Ra2 Ra8 32. Ra4 Bc6 33. Ra5 Nd5 34. Be4 Bb8 35. Rxa8 Bxa8 36. g3 Ba7 37. Kf2 Kf8 38. Ne5 Ke7 39. Ke1 Bb8 40. Bb2 Bd6 41. Bc1 Bb7 42. Bd2 Kf6 43. Ng4+ Ke7 44. Kf2 Ba6 45. Ne5 Bb5 46. Kf3 Nc3 47. Bxc3 bxc3 48. Ke3 Ba3 49. Bd3 Bc1+ 50. Ke4 Be8 51. Bc2 Bb5 52. Bd3 Be8 53. Bc4 Kd6 54. Kd3 Bd2 55. Kc2 Be1 56. Nf3 Bf2 57. Kxc3 Bh5 58. Ne5 Bg1 59. h3 Bh2 60. g4 Be8 61. Nf3 Bf4 62. Bf1 Bc6 63. Nd2 Ke7 64. b4 e5 65. dxe5 Bxe5+ 66. Kc4 Bf4 67. Nb3 Be8 68. Nd4 h5 69. gxh5 Bxh5 70. Bg2 Bf7+ 71. Kb5 Be8+ 72. Bc6 Bg6 73. Kc5 Bd6+ 74. Kc4 Bf7+ 75. Kc3 Kf6 76. Bd7 Bd5 77. b5 Bc5 78. Nc2 Ke7 79. Bg4 Kf6 80. Nb4 Bf7 81. Nd3 Bd6 82. b6 Ke7 83. Kd4 Kd8 84. Ne5 Be8 85. Kd5 Ba3 86. Nc4 Bf7+ 87. Be6 Bxe6+ 88. Kxe6 Bc5 89. Kd5 Bg1 90. Kc6 Bh2 91. Nd6 Bg1 92. b7 Ba7 93. Nf7+ Ke7 94. Ne5 Ke6 95. Nc4 Bb8 96. Nb6 g6 97. Nd7 Ba7 98. Kc7 g5 99. Nb6 g4 100. hxg4 Kf6 101. Nc8 1-0

[Event "Isle of Wight International"]
[Site "Ryde"]
[Date "2025.02.20"]
[Round "4.25"]
[White "Bugaj, Hanna"]
[Black "Boswell, Jacob Connor"]
[Result "0-1"]
[WhiteElo "1903"]
[BlackElo "2214"]
[PlyCount "106"]
[EventDate "2025.02.18"]
[EventType "swiss"]
[EventRounds "9"]
[EventCountry "ENG"]
[SourceTitle "BritBase"]
[Source "John Saunders"]
[SourceDate "2025.02.21"]
[SourceVersion "1"]
[SourceVersionDate "2025.02.21"]
[SourceQuality "1"]

1. e4 c5 2. Nf3 Nc6 3. Bb5 d6 4. O-O Bd7 5. Re1 Nf6 6. c3 e6 7. d4 Be7 8. d5 exd5 9. exd5 Ne5 10. Bxd7+ Nfxd7 11. Bf4 Nxf3+ 12. Qxf3 O-O 13. a4 Re8 14. Na3 Nf6 15. Nc4 Qd7 16. h3 Bf8 17. g4 b6 18. b3 Rab8 19. Ne3 a6 20. Nf5 h5 21. Kh2 hxg4 22. hxg4 g6 23. Ne3 Bg7 24. Rh1 Rxe3 25. fxe3 Nxg4+ 26. Kg2 Re8 27. Qh3 Kf8 28. Qg3 Ne5 29. Rh7 Qf5 30. Bxe5 Bxe5 31. Qf3 Qxf3+ 32. Kxf3 Bxc3 33. Rah1 Bg7 34. R7h4 Re5 35. Rd1 f5 36. Rh2 Kf7 37. Re2 Re4 38. Rh1 g5 39. Rc1 g4+ 40. Kf2 Bh6 41. Rc4 Re5 42. e4 f4 43. Rcc2 Bg5 44. Kf1 f3 45. Re1 Bf4 46. Kf2 Rh5 47. Rc4 b5 48. axb5 axb5 49. Rc3 Bd2 50. Ree3 Rh2+ 51. Kg1 Rg2+ 52. Kf1 Bxc3 53. Rxc3 Re2 0-1

[Event "Isle of Wight International"]
[Site "Ryde"]
[Date "2025.02.20"]
[Round "4.26"]
[White "Adams, Henry"]
[Black "Golding, Alex"]
[Result "0-1"]
[WhiteElo "2082"]
[BlackElo "2365"]
[PlyCount "58"]
[EventDate "2025.02.18"]
[EventType "swiss"]
[EventRounds "9"]
[EventCountry "ENG"]
[SourceTitle "BritBase"]
[Source "John Saunders"]
[SourceDate "2025.02.21"]
[SourceVersion "1"]
[SourceVersionDate "2025.02.21"]
[SourceQuality "1"]

1. d4 Nf6 2. Nf3 b6 3. c4 e6 4. g3 Ba6 5. Qa4 Be7 6. Bg2 O-O 7. O-O c6 8. Nc3 d5 9. cxd5 b5 10. Qb3 b4 11. dxe6 bxc3 12. exf7+ Kh8 13. Ng5 cxb2 14. Bxb2 Bc8 15. e4 Na6 16. Bc3 Rb8 17. Qc2 Ng4 18. Nxh7 Rxf7 19. h3 Nh6 20. e5 Bf5 21. Qe2 Nc7 22. Bxc6 Nd5 23. Bd2 Kxh7 24. g4 Be6 25. Qe4+ g6 26. f4 Nb4 27. Ba4 Bc5 28. Be3 Bd5 29. Qb1 Qh4 0-1